000 01146nam a22001937a 4500
005 2012021505585.0
020 _a8181462629
_c65.00
082 _a
100 _aमुत्तडा, जेकब सैमसन
_942082
245 _aतकिट तरिकिट्ट फुदकरी बॉलः
_cजेकब सैमसन मुत्तडा;अशोक राजगोपालन द्वारा चित्रांकित;सुषमा द्वारा अनुदित
_bमूल कथा मलयालम में /
260 _aचैन्नई
_bतूलिका पब्लिशिंग
_c2008
270 _a13, पृथ्वी ऐवन्यु,अभिरमपुरम
_bचैन्नई
_e600018
300 _aअ.पृ
_bसचित्र
_c18सेमी (अजिल्द)
700 _aराजगोपालन, अशोक
_942026
700 _942032
_aसुषमा
700 _942037
942 _2ddc
_cCH
_h
_mमुत्तडा
999 _c62838
_d62838